LEADER 00967cam0-2200325---450- 001 990005829460403321 005 20120914120330.0 010 $a88-7000-124-5 035 $a000582946 035 $aFED01000582946 035 $a(Aleph)000582946FED01 035 $a000582946 100 $a19990604d1998----km-y0itay50------ba 101 0 $aita 102 $aIT 105 $a--------001yy 200 1 $aDe' teatri antichi e moderni e altri scritti teatrali$fScipione Maffei$ga cura di Laura Sannia Nowé 210 $aModena$cMucchi$d1998 215 $aLXXVIII, 252 p.$d25 cm 225 1 $a<>lapazio$v5 676 $a852.5 700 1$aMaffei,$bScipione$f<1675-1755>$0135203 702 1$aSannia Nowé,$bLaura 801 0$aIT$bUNINA$gRICA$2UNIMARC 901 $aBK 912 $a990005829460403321 952 $a852.5 MAFF 2$bDip.f.m.9768$fFLFBC 959 $aFLFBC 996 $aDe' teatri antichi e moderni e altri scritti teatrali$9566936 997 $aUNINA LEADER 01071nam0-22003491i-450- 001 990007827700403321 005 20091112213225.0 020 $b678584 035 $a000782770 035 $aFED01000782770 035 $a(Aleph)000782770FED01 035 $a000782770 100 $a20091112d1967----km-y0itay50------ba 101 0 $aita 102 $aIT 105 $ay---n---001yy 200 1 $a<>riforma tributaria$econsiderazioni sul d.d.l. 24 luglio 1967, n. 4280, anche in riferimento alla legge 27 luglio 1967, n. 685 che approva il programma economico nazional$fCalogero Vinci 210 $aRoma$cBizzarri$d1967 215 $a300 p., [1] c.di tav.$d24 cm 225 1 $a<>quaderni de Il sistema tributario$hSer. 1 676 $a336$v21 676 $a343.04$v11 rid.$zita 700 1$aVinci,$bCalogero$0107166 801 0$aIT$bUNINA$gRICA$2UNIMARC 901 $aBK 912 $a990007827700403321 952 $aH 18$b963$fDSS 952 $a2-76-$bTB$fECA 959 $aDSS 959 $aECA 996 $aRiforma tributaria$9663304 997 $aUNINA